LEADER 01223nam--2200397---450 001 990001929510203316 005 20201009094747.0 010 $a88-150-9690-6 035 $a000192951 035 $aUSA01000192951 035 $a(ALEPH)000192951USA01 035 $a000192951 100 $a20040813d2004----km-y0enga50------ba 101 $aita 102 $aIT 105 $a||||||||001yy 200 1 $a<> Bizantini in Italia$fGiorgio Ravegnani 210 $aBologna$cIl Mulino$d2004 215 $a240 p.$d21 cm 225 2 $aUniversale paperbacks Il mulino$v469 410 0$12001$aUniversale paperbacks Il mulino$v469 454 1$12001 461 1$1001-------$12001 607 0 $aItalia$xDominazione bizantina$xStoria 676 $a945.014 700 1$aRAVEGNANI,$bGiorgio$035187 801 0$aIT$bsalbc$gISBD 912 $a990001929510203316 951 $aX.1.B. 488 (XI C 23)$b174745 L.M.$cXI C$d00135001 951 $aX.1.B. 488a (XI C 23 A)$b186136 L.M.$cXI C$d00181768 951 $aX.1.B. 488b (XI C 23 B)$b186137 L.M.$cXI C$d00181769 951 $aX.1.B. 488c (XI C 23 C)$b186138 L.M.$cXI C$d00181770 959 $aBK 969 $aUMA 996 $aBizantini in Italia$9746265 997 $aUNISA